| 000 | 00472nam a2200157 i 4500 | ||
|---|---|---|---|
| 001 | 128549 | ||
| 003 | ES-MaACL | ||
| 005 | 20230906193318.0 | ||
| 007 | t| | ||
| 008 | 070518s1927 sp ||||1| spa d | ||
| 100 | 1 |
_aTamayo y Rubio, Juan Antonio. _9149830 |
|
| 245 | 1 | 0 |
_aCartas marruecas del coronel Don Joseph Cadahalso / _cpor Juan Tamayo y Rubio. |
| 260 |
_aGranada : _b[López Guevara], _c1927. |
||
| 300 |
_a200 p., 3 h. ; _c21 cm. |
||
| 852 |
_aES-MaACL _j1711-F-8 |
||
| 999 |
_c128549 _d128549 |
||